000 00488nam a2200145Ia 4500
003 GCL
008 140319s9999 xx 000 0 ara d
040 _aGCL /
_cGCL
082 0 4 _a347.01
_bف ن
100 1 _aفتحية قرة
245 1 0 _aالنظرية القضائية المستحدثة للاوضاع الظاهرة /
_cفتحية قرة
260 _a[S.N] :
_bمنشاة المعارف الاسلامية ،
_c1988
300 _a316 ص
490 _aالكتب القانونية
_v0
999 _c54701
_d54701